000
00318nam a22001457a 4500
008
221010b ||||| |||| 00| 0 eng d
020
_a
0070251215
041
_a
eng
080
_a
62
082
_a
62 SCH
100
_a
19.1
101
_a
INXH
245
_a
PROBLEMS IN BASIC ELECTRONIS
_c
SCHULTZ
942
_2
udc
_c
BK
999
_c
58462
_d
58462